भारतीय राजनीतिक विचारक (Record no. 1620)
[ view plain ]
| 000 -LEADER | |
|---|---|
| fixed length control field | 01331 a2200241 4500 |
| 005 - DATE AND TIME OF LATEST TRANSACTION | |
| control field | 20080909165435.0 |
| 008 - FIXED-LENGTH DATA ELEMENTS--GENERAL INFORMATION | |
| fixed length control field | 080909t xxu||||| |||| 00| 0 hin d |
| 010 ## - LIBRARY OF CONGRESS CONTROL NUMBER | |
| LC control number | HIN-79359-60 |
| 020 ## - INTERNATIONAL STANDARD BOOK NUMBER | |
| International Standard Book Number | 8189000845 |
| Terms of availability | 575.00 |
| 020 ## - INTERNATIONAL STANDARD BOOK NUMBER | |
| International Standard Book Number | 8189000853 |
| Terms of availability | 575.00 |
| 020 ## - INTERNATIONAL STANDARD BOOK NUMBER | |
| International Standard Book Number | 8189000837 (set) |
| Terms of availability | 1150.00 (set ) |
| 035 ## - SYSTEM CONTROL NUMBER | |
| System control number | HN-51705-06 |
| 082 ## - DEWEY DECIMAL CLASSIFICATION NUMBER | |
| Classification number | 320.50954 |
| 100 ## - MAIN ENTRY--PERSONAL NAME | |
| Personal name | त्यागी, पी.के. |
| 245 ## - TITLE STATEMENT | |
| Title | भारतीय राजनीतिक विचारक |
| Statement of responsibility, etc | पी.के.त्यागी |
| 246 ## - VARYING FORM OF TITLE | |
| Title proper/short title | Bhartiya Rajneetik Vicharak |
| Remainder of title | by P.K.Tyagi |
| 260 ## - PUBLICATION, DISTRIBUTION, ETC. (IMPRINT) | |
| Place of publication, distribution, etc | नई दिल्ली |
| Name of publisher, distributor, etc | विश्वभारती पब्लिकेशन्स |
| Date of publication, distribution, etc | 2006 |
| 300 ## - PHYSICAL DESCRIPTION | |
| Extent | भा-1(320पृ:321-642पृ) |
| Dimensions | 22 सेमी (सजिल्द) |
| 490 ## - SERIES STATEMENT | |
| Volume number/sequential designation | 2भाग |
| 942 ## - ADDED ENTRY ELEMENTS (KOHA) | |
| Institution code [OBSOLETE] | dpl |
| Koha item type | Hindi Books |
| Call number prefix | 320.50954 / त्यागीपी |
| Source of classification or shelving scheme | Dewey Decimal Classification |
| Classification part | 320.50954 |
| Call number suffix | त्यागीपी |
| Withdrawn status | Lost status | Source of classification or shelving scheme | Damaged status | Not for loan | Home library | Current library | Date acquired | Cost, normal purchase price | Total Checkouts | Total Renewals | Full call number | Barcode | Date last seen | Copy number | Uniform Resource Identifier | Cost, replacement price | Price effective from | Koha item type |
|---|---|---|---|---|---|---|---|---|---|---|---|---|---|---|---|---|---|---|
| Dewey Decimal Classification | D.B.Act.Division | D.B.Act.Division | 09/09/2008 | 1150.00 | 320.50954 त्यागीपी | HN-51705 | 15/09/2008 | 1 | 1701 | 1150.00 | 15/09/2008 | Hindi Books |
